| 000 | 01313cam a22003494a 4500 | ||
|---|---|---|---|
| 001 | 12361582 | ||
| 003 | OSt | ||
| 005 | 20140310182701.0 | ||
| 008 | 010328s2001 nyu 000 0 eng | ||
| 010 | _a 2001030861 | ||
| 020 | _a00711226877 | ||
| 040 |
_aDLC _cDLC _dDLC |
||
| 042 | _apcc | ||
| 050 | 0 | 0 |
_aQA 301 _b.D674 2001 |
| 082 | 0 | 0 |
_aM 515.076 _bD71 2001 |
| 100 | 1 | _aDon, Eugene. | |
| 245 | 1 | 0 |
_aHow to solve word problems in calculus : _ba solved problem approach / _cDon, Eugene; Don, Benay |
| 260 |
_aNew York : _bMcGraw-Hill, _cc2001. |
||
| 300 |
_axii, 226 p. : _bill. ; _c22 cm. |
||
| 521 | _aCollege Students | ||
| 526 | _c1210L-1700L | ||
| 541 | _j1 | ||
| 562 | _e1 | ||
| 650 | 0 |
_aCalculus _vProblems, exercises, etc. |
|
| 650 | 0 | _aWord problems (Mathematics) | |
| 700 | 1 | _aDon, Benay. | |
| 856 | 4 | 2 |
_3Contributor biographical information _uhttp://www.loc.gov/catdir/bios/mh041/2001030861.html |
| 856 | 4 | 2 |
_3Publisher description _uhttp://www.loc.gov/catdir/description/mh021/2001030861.html |
| 906 |
_a7 _bcbc _corignew _d1 _eocip _f20 _gy-gencatlg |
||
| 942 |
_2lcc _cBK _kM |
||
| 999 |
_c15172 _d15172 |
||